000 00809nam a22002417a 4500
999 _c316887
_d316887
001 30475
003 UA-OsUOA
005 20200125231710.0
007 ta
008 20041110b un ||||| |||| 00| 0 ukr d
040 _aUA-OsUOA
_brus
_cUA-OsUOA
_dUA-OsUOA
041 _arus
044 _aRU
080 _a82(091)(477+571)
090 _a82(091)(477+571)
_bГ94
100 _aГуляев Н. А.
245 _aЛитературные направления и методы в русской и зарубежной литературе XVII - XIX веков
_bкнига для учителя
_cН. А. Гуляев ; рец. Н. К. Гей, Г. В. Москвичева
260 _aМосква
_bПросвещение
_c1983
300 _a144 с.
650 7 _2UDC
942 _cBK
_2udc
955 _a0